=LDR 00000nam 2200000 4500 =001 INLIS000000000009494 =005 20130612101302 =008 ***********************************Ind** =035 ##$$0010-061300000009494 =041 ##$$a Ind =082 ##$$a 629.289 75 =090 ##$$a 629.289 75, Dar-t =100 ##$$a Daryanto =245 ##$$a Teknik Revarasi Dan Perawatan Sepeda Motor disertai Kumpulan Gambar komponennya, Daryanto =250 ##$$a Seri Otomotif =260 ##$$a 2001 $b Jakarta =300 ##$$a xii, 246 hlm, ilus, 23 cm =650 ##$$a Sepada Motor - Revarasi =850 ##$$a NBPNMAT